Statistics for Borderlands 2 Classes

Click here to take the quiz!

General Stats

  • This quiz has been taken 34 times
  • The average score is 5 of 6

Answer Stats

NamesClass% Correct
SalvadorGunzerker
97%
Zer0Assassin
94%
MayaSiren
94%
AxtonCommando
91%
GaigeMechromancer
84%
KriegPsycho
84%

Score Distribution

Percentile by Number Answered

Percent of People with Each Score

Your Score History

You have not taken this quiz